00425nam a2200157Ia 4500003000400000008004100004040001600045082001800061100001800079245006000097260004800157300001000205650001800215650001800233650001600251GCL140319s9999 xx 000 0 eng d aGCL / cGCL04a823.0108bL O1 aLURIE, ALISON10aTHE OXFORD BOOK OF MODERN FAIRY TALES / cLURIE, ALISON a[S.N] : bOXFORD UNIVERSITY PRESS ، c1994 a455 P04aUNITED STATES04aGREAT BRITAIN04aFAIRY TALES